000 01525cab a2200265 4500
001 ##ABS68256
008 040921n2004 000 0 eng u
035 _a(Sirsi) u127473
100 1 _aHopkins, P.
245 0 0 _aRepairs
260 _c2004
490 0 _aLetting Update Journal
_v12(2) July 2004, 23-24(2)
520 _aExplains, in an article aimed at students, the landlord's and tenant's responsibilities in respect of carrying out repairs to a property. The principle source of the landlord's responsibilities is statutory, in particular the Landlord and Tenant Act 1985 s11, whereas the tenant's responsibilities are set out by common law, "Warren v Keen" ([1954] 1 QB 15) defining the parties' respective obligations. The recent establishment of the Pre-Action Protocol for Housing Disrepair Cases has formalised the way in which repair cases are handled by the courts with high amounts being recovered in certain 2003 cases. Whilst there is now some certainty regarding each party's responsibilities, there still remains a number of grey areas, which can lead to disputes.
590 _aABS
650 2 4 _aPRE-ACTION PROTOCOL FOR HOUSING DISREPAIR CASES
650 2 4 _aLANDLORD AND TENANT ACT 1985 S11
650 2 4 _aHOUSING ACT 1988 S16
650 2 4 _aDEFECTIVE PREMISES ACT 1972
650 2 4 _aRENT ACT 1977
650 2 4 _aMCAULEY V BRISTOL CITY COUNCIL
650 2 4 _aIRVIN V MORAN
650 2 4 _aWARREN V KEEN
690 _aPROPERTY-LEASEHOLD PROPERTY-LANDLORD AND TENANT-DILAPIDATIONS
942 _n0
999 _c74541
_d74541